Moc na trhu informačných technológií sa presúva k užívateľom

Trh informačných technológií. Náročnosť užívateľov výpočtovej techniky sa zvýšila. Rozhodovanie o výbere hardwaru a softwaru. Nižšia spokojnosť s poradenstvom. Využívanie verejných súťaží pri obstarávaní hardwaru a softwaru.

Salvato in:
Dettagli Bibliografici
Autore principale: Matyáš, J.
Natura: Capitolo di libro
Lingua:slovacco
Soggetti:
Tags: Aggiungi Tag
Nessun Tag, puoi essere il primo ad aggiungerne!!

MARC

LEADER 00000naa a2200000 4500
001 r018115
005 20221205103015.4
041 0 |a slo 
044 |a SK 
245 1 0 |a Moc na trhu informačných technológií sa presúva k užívateľom  |c J. Matyáš 
520 |a Trh informačných technológií. Náročnosť užívateľov výpočtovej techniky sa zvýšila. Rozhodovanie o výbere hardwaru a softwaru. Nižšia spokojnosť s poradenstvom. Využívanie verejných súťaží pri obstarávaní hardwaru a softwaru. 
610 2 0 |a poradenstvo 
610 2 0 |a služby poradenské 
610 2 0 |a technológie informačné 
610 2 0 |a softvér 
610 2 0 |a hardvér 
610 2 0 |a Slovensko 
610 2 0 |a manažéri 
610 2 0 |a technika výpočtová 
100 1 |a Matyáš, J.